Регионална библиотека "Любен Каравелов" - Русе

Моят живот (Запис номер 98233)

MARC детайли
000 -Лидер
Контролно поле с фиксирана дължина 01979nam a2200481 c 4500
003 - Код на организацията, давaща контролен номер
Контролно поле BLK
005 - Дата и час на последна редакция
Контролно поле 20250103094506.0
008 - Елементи от данни с фиксирана дължина
fixed length control field 180409b bul|||||r ||||||| ||bul||
010 ## - Наследен системен номер
LC control number KNG00103168000
020 ## - Международен стандартен номер на книга ISBN
Международен стандартен номер на книга ISBN 954-474-321-9
-- издат.: Кибеа
040 ## - Източник на каталожния запис
Идентификатор на билиотеката - собственик на записа BLK
041 ## - Код за език
Код за езика на текст/звукозапис или на отделно заглавие Български
Код за езика КДБФ Български
080 ## - УДК
Текстов определител УДК Италианска литература
УДК код - определител по УДК 821.131.1
УДК определител -312.6
УДК - код + определител 821.131.1-312.6
080 ## - УДК
Текстов определител УДК Скулптура. Общи въпроси
УДК код - определител по УДК 730
УДК определител .034.071.1(45)(092)
УДК - код + определител 730.034.071.1(45)(092)
080 ## - УДК
Текстов определител УДК
УДК код - определител по УДК 929 Челини, Бенвенуто
УДК определител
УДК - код + определител 929 Челини, Бенвенуто
100 1# - Редна дума - Автор
Автор Челини, Бенвенуто
Авторска отговорност първи автор
R(LIN) 141216
139 ## - Редно поле
Редна дума Челини, Бенвенуто
Авторски знак Чел - Ч 52
245 10 - Сведения за заглавието
Заглавие Моят живот
Редно поле (дума) Бенвенуто Челини; прев. от итал. Светозар Златаров.
257 ## - Страна на издаване
Страна на създаване/издаване Италия
260 ## - Област на издателските данни
-- София
Име на издателя, разпространителя и проч. Кибеа
Година на издаване 2002
Печатница София : Балкан Прес АД
300 ## - Физическа характеристика
Страници 512 с.
Размери/Мащаб 20 см
380 ## - Жанр
Жанр Худож. лит.
490 1# - СЕРИИ (Колекции)
Име на серия Серия Познай себе си)(Серия Личности
500 ## - Общи забележки
Забележка Ориг. загл. Vita di Benvenuto Cellini ; La vita di Benvenuto Cellini ; Vita. - Офс. изд.
600 14 - Име на лице, използвано като предмет
За него / За нея Челини, Бенвенуто
9 (RLIN) 141216
650 #4 - Допълнително описание по предмет – тема
Основно описание – тема или топоним Скулптори, италиански
9 (RLIN) 260718
650 #4 - Допълнително описание по предмет – тема
Основно описание – тема или топоним Челини, Бенвенуто
9 (RLIN) 141216
651 #4 - Допълнително описание по предмет - топоним
Географско понятие Италия
9 (RLIN) 178965
653 ## - Ключова дума – ненормативна
Ключова дума романи
653 ## - Ключова дума – ненормативна
Ключова дума биографии
653 ## - Ключова дума – ненормативна
Ключова дума Бенвенуто Челини
653 ## - Ключова дума – ненормативна
Ключова дума скулптори
653 ## - Ключова дума – ненормативна
Ключова дума Италия
653 ## - Ключова дума – ненормативна
Ключова дума Ренесанс
653 ## - Ключова дума – ненормативна
Ключова дума романизувани биографии
700 1# - Други автори (авторска отговорност)
Лично име Златаров, Светозар
Автороска отговорност (Описва отношението между автора и произведението) прев. от итал.
9 (RLIN) 364389
852 ## - Местоположение
Форматна сигнатура Цб 212604
856 4# - Електронен адрес и достъп
Електронен формат pdf - файл
Път до файла /url/
856 4# - Електронен адрес и достъп
Електронен формат pdf - файл
Път до файла /url/
942 ## - АРТИКУЛИ
Вид на библиотечния материал Книги
Скрит в OPAC Не
Koha issues (borrowed), all copies 9
944 ## - СЪЗДАВАНЕ И РЕДАКЦИЯ на ЗАПИСА
Създаване/Редакция Създаване
Дата на регистрацията/редакция 01.01.2002
Служител, извършил регистрацията/редакцията 30576
Статус, дата на статуса Цветомила Тодорова
944 ## - СЪЗДАВАНЕ И РЕДАКЦИЯ на ЗАПИСА
Създаване/Редакция Редакция
Дата на регистрацията/редакция 01.12.2012
Служител, извършил регистрацията/редакцията
999 ## - СИСТЕМНИ КОНТРОЛНИ НОМЕРА
Koha biblionumber 98233
Koha biblioitemnumber 98233
Наличности
Код за отписване Код за изгубен артикул Код за повреда Коз за рестрикции Код за отдаване Артикулен № Име на библиотеката - собственик Име на библиотеката, в която се намира в момента Статус (Текущо местоположение) Дата на вписване в системата Местоположение - отдел Цена в лева Инвентарен номер Систематично азбучна сигнатура Баркод Номер на екземпляра Цена в евро Служебна бележка Служебен тип на артикула
  Не е изгубен Не е повреден без рестрикции заемане за дома 158055 Регионална библиотека "Любен Каравелов" Русе Регионална библиотека "Любен Каравелов" Русе Заемна - подръчен фонд 2002-09-16 Заемна - подръчен фонд 10.00 120000672158 П 850-31/Ч 52 120000672158 1 5.11 Дост: Pk Вид: Ф N: 32 Дата: 16.09.2002 Дата инв: 12.02.2018 Бележки инв: П2018 Книги
  Не е изгубен Не е повреден без рестрикции ползва се в читалня 158056 Регионална библиотека "Любен Каравелов" Русе Регионална библиотека "Любен Каравелов" Русе Хранилище 2004-05-19 Хранилище 0.00 120000685597 Цб 212604 120000685597 2 0.00 Дост: Dp Вид: Д N: 30 Дата: 16.07.2003 Книги
  Не е изгубен Не е повреден без рестрикции заемане за дома 158057 Регионална библиотека "Любен Каравелов" Русе Регионална библиотека "Любен Каравелов" Русе Заемна - подръчен фонд 2012-11-24 Заемна - подръчен фонд 5.00 120000761248 П 850-31/Ч 52 120000761248 3 2.56 Дост: Pk Вид: Ф N: 0012000308 Дата: 23.11.2012 Дата инв: 12.02.2018 Бележки инв: П2018 Книги
Vip Innovations Ltd, Rousse, Bulgaria 2025